000 00281nam a22001337a 4500
008 181022b xxu||||| |||| 00| 0 eng d
020 _a9780671510992
041 _aeng
080 _a320
100 _a21
101 _aSHP
245 _aDiplomacy
_cKissinger,H
942 _2udc
_cBK
999 _c50416
_d50416